[Event "Ufa Siamidi Memorial op"]
[Site "Ufa"]
[Date "2010.10.25"]
[Round "8"]
[White "Galiakhmedov, Albert"]
[Black "Bulgakov, Airat"]
[Result "0-1"]
[WhiteElo "1861"]
[BlackElo "1959"]
[PlyCount "90"]
[EventDate "2010.10.18"]
[EventType "swiss"]
[EventRounds "9"]
[EventCountry "RUS"]
[SourceTitle "EXT 2011"]
[Source "ChessBase"]
[SourceDate "2010.11.26"]
[SourceVersion "1"]
[SourceVersionDate "2010.11.26"]
[SourceQuality "1"]

1. d4 e6 2. c4 b6 3. Nc3 Bb4 4. a3 Bxc3+ 5. bxc3 Bb7 6. Nf3 f5 7. g3 Nf6 8. Bg2 0-0 9. 0-0 d6 10. Bg5 Nbd7 11. Qb3 Qe7 12. Nd2 Bxg2 13. Kxg2 h6 14. Bxf6 Nxf6 15. Rae1 c5 16. Qc2 Qb7+ 17. f3 f4 18. e4 e5 19. d5 Qf7 20. Rg1 fxg3 21. hxg3 Nh5 22. Kf2 Qf6 23. Qd3 Rf7 24. Qe3 Raf8 25. Rh1 Qg6 26. Rh3 Nf6 27. Ke2 Nh7 28. g4 Ng5 29. Rg3 Rf4 30. Rh1 Qf7 31. Rh2 Qg6 32. Rh1 R8f6 33. Rh2 Qf7 34. Rh1 Qg6 35. Rh2 Qe8 36. Rh1 Qa4 37. Ra1 Qc2 38. Rf1 Nxe4 39. Rh1 Nxc3+ 40. Ke1 Rd4 41. g5 hxg5 42. Qxg5 Qd1+ 43. Kf2 Qxd2+ 44. Qxd2 Rxd2+ 45. Ke3 Ra2 0-1

[Event "Ufa Siamidi Memorial op"]
[Site "Ufa"]
[Date "2010.10.23"]
[Round "6"]
[White "Shajakhmetov, Linat"]
[Black "Bulgakov, Airat"]
[Result "1-0"]
[WhiteElo "1953"]
[BlackElo "1959"]
[PlyCount "103"]
[EventDate "2010.10.18"]
[EventType "swiss"]
[EventRounds "9"]
[EventCountry "RUS"]
[SourceTitle "EXT 2011"]
[Source "ChessBase"]
[SourceDate "2010.11.26"]
[SourceVersion "1"]
[SourceVersionDate "2010.11.26"]
[SourceQuality "1"]

1. Nf3 e6 2. c4 b6 3. g3 Bb7 4. Bg2 f5 5. 0-0 Nf6 6. d4 d6 7. Nc3 Be7 8. Re1 0-0 9. Ng5 Bxg2 10. Kxg2 Qd7 11. d5 e5 12. Ne6 Rf7 13. e4 fxe4 14. Nxe4 Nxe4 15. Rxe4 Na6 16. Be3 c5 17. Qg4 Nc7 18. Re1 Re8 19. f4 exf4 20. Bxf4 Bf8 21. Qf3 Rf6 22. Ng5 Rxe4 23. Qxe4 g6 24. Ne6 Nxe6 25. dxe6 Qe8 26. e7 Bg7 27. Qd5+ Rf7 28. Bxd6 Bf6 29. b4 cxb4 30. Bxb4 Kg7 31. Qd8 Qxd8 32. exd8Q Bxd8 33. Re8 Rd7 34. Kf2 Bf6 35. Re4 a5 36. Be1 Rd8 37. Kf3 Bd4 38. Re2 Rc8 39. Ke4 Rxc4 40. Kd3 b5 41. Re4 Bg1 42. Rxc4 bxc4+ 43. Kxc4 Bxh2 44. Bf2 Kf6 45. Kb5 Ke5 46. Kxa5 Ke4 47. a4 Kf3 48. Bc5 Bxg3 49. Kb5 Ke4 50. a5 Kd5 51. a6 Bb8 52. Kb6 1-0

[Event "Ufa Siamidi Memorial op"]
[Site "Ufa"]
[Date "2010.10.22"]
[Round "5"]
[White "Bulgakov, Airat"]
[Black "Churaev, Raif"]
[Result "0-1"]
[WhiteElo "1959"]
[BlackElo "2147"]
[PlyCount "88"]
[EventDate "2010.10.18"]
[EventType "swiss"]
[EventRounds "9"]
[EventCountry "RUS"]
[SourceTitle "EXT 2011"]
[Source "ChessBase"]
[SourceDate "2010.11.26"]
[SourceVersion "1"]
[SourceVersionDate "2010.11.26"]
[SourceQuality "1"]

1. e4 c5 2. f4 g6 3. Nf3 Bg7 4. c3 d5 5. Bb5+ Bd7 6. Bxd7+ Qxd7 7. e5 Nc6 8. d4 cxd4 9. cxd4 h5 10. 0-0 Nh6 11. Be3 e6 12. Nc3 Bf8 13. a3 Na5 14. Nd2 Rc8 15. Rc1 Be7 16. b4 Nf5 17. Bf2 Nc4 18. Nxc4 Rxc4 19. Nb1 0-0 20. Nd2 Rxc1 21. Qxc1 Rc8 22. Qb2 Qc6 23. Nb3 Qc3 24. Qb1 Qc2 25. g3 Kf8 26. Qc1 Ke8 27. Qxc2 Rxc2 28. Rc1 Rxc1+ 29. Nxc1 a5 30. Nd3 axb4 31. axb4 Kd7 32. Kg2 Kc6 33. h3 Kb5 34. g4 hxg4 35. hxg4 Nh6 36. Kf3 Bxb4 37. Be3 Bf8 38. f5 gxf5 39. Bxh6 fxg4+ 40. Kxg4 Bxh6 41. Nc5 Kc6 42. Kf3 b6 43. Nd3 Kb5 44. Nb2 Kb4 0-1

[Event "Ufa Siamidi Memorial op"]
[Site "Ufa"]
[Date "2010.10.20"]
[Round "3"]
[White "Bulgakov, Airat"]
[Black "Ardashirov, Akhtjam"]
[Result "1-0"]
[WhiteElo "1959"]
[BlackElo "2094"]
[PlyCount "61"]
[EventDate "2010.10.18"]
[EventType "swiss"]
[EventRounds "9"]
[EventCountry "RUS"]
[SourceTitle "EXT 2011"]
[Source "ChessBase"]
[SourceDate "2010.11.26"]
[SourceVersion "1"]
[SourceVersionDate "2010.11.26"]
[SourceQuality "1"]

1. e4 c5 2. f4 Nf6 3. Nc3 d6 4. Bb5+ Nc6 5. Bxc6+ bxc6 6. Nf3 g6 7. d3 Bg7 8. 0-0 0-0 9. Qe2 Bg4 10. h3 Bxf3 11. Qxf3 Qb6 12. Rb1 Nd7 13. Na4 Qa5 14. b3 Nb6 15. Nxb6 axb6 16. a3 Bd4+ 17. Kh1 b5 18. Qe2 Bc3 19. g4 e6 20. f5 exf5 21. gxf5 Qd8 22. Qg4 Qd7 23. Bh6 Rfd8 24. Qh4 Bh8 25. Rf4 Rxa3 26. Rbf1 Raa8 27. Rg4 Ra1 28. Rxa1 Bxa1 29. f6 Qe6 30. Bg7 d5 31. Qxh7+ 1-0

[Event "Ufa Siamidi Memorial op"]
[Site "Ufa"]
[Date "2010.10.18"]
[Round "1"]
[White "Bulgakov, Airat"]
[Black "Nozdrin, Alexander V"]
[Result "0-1"]
[WhiteElo "1959"]
[BlackElo "2379"]
[PlyCount "74"]
[EventDate "2010.10.18"]
[EventType "swiss"]
[EventRounds "9"]
[EventCountry "RUS"]
[SourceTitle "EXT 2011"]
[Source "ChessBase"]
[SourceDate "2010.11.26"]
[SourceVersion "1"]
[SourceVersionDate "2010.11.26"]
[SourceQuality "1"]

1. e4 e5 2. Nf3 Nc6 3. Bc4 Nf6 4. d4 exd4 5. e5 d5 6. Bb5 Ne4 7. Nxd4 Bd7 8. Bxc6 bxc6 9. 0-0 Be7 10. f3 Nc5 11. f4 f5 12. exf6 Bxf6 13. Re1+ Kf7 14. Nc3 Re8 15. Be3 Ne4 16. Nxe4 Rxe4 17. c3 Qe7 18. Qd2 Qd6 19. Nb3 Bf5 20. Nc5 Rxe3 21. Qxe3 d4 22. Ne4 dxe3 23. Nxd6+ cxd6 24. Rxe3 d5 25. Rd1 a5 26. b3 a4 27. b4 Bc2 28. Rd2 Bf5 29. Kf1 Re8 30. Rde2 Rxe3 31. Rxe3 a3 32. c4 dxc4 33. Rxa3 c3 34. Ra5 c2 35. Rc5 Bd3+ 36. Ke1 Be7 37. Rxc6 Bxb4+ 0-1